Statistics for Happy New Year in European Languages

Click here to take the quiz!

General Stats

  • This quiz has been taken 40 times
    (17 since last reset)
  • The average score is 16 of 20

Answer Stats

Happy New Year!Language% Correct
Bonne annéeFrench
100%
Frohes neues JahrGerman
100%
Feliz ano novoPortuguese
100%
Feliz año nuevoSpanish
100%
Godt nytt årNorwegian
94%
Gelukkig nieuwjaarDutch
88%
Gleðilegt nýtt árIcelandic
88%
С Новым ГодомRussian
88%
Gott nytt årSwedish
88%
Щасливого Нового рокуUkrainian
88%
Godt nytårDanish
81%
Hyvää uutta vuottaFinnish
81%
Felice anno nuovoItalian
81%
Šťastný nový rokCzech/Slovak
69%
Athbhliain faoi mhaise daoibhIrish
63%
З Новым годамBelarusian
56%
Честита Нова ГодинаBulgarian
56%
An nou fericitRomanian
56%
Srečno novo letoSlovene
56%
Срећна Нова годинаSerbian
50%

Score Distribution

Percentile by Number Answered

Percent of People with Each Score

Your Score History

You have not taken this quiz since the last reset